1456 1256 1388 1950 1995 1551 1842 1070 1551 1116 1772 1878 1393 1958 1154 1024 1519 1830 1249 1705 1017 1323 1759 1077 1414 1437 1980 1808 2000 1683 1268 1764 1990 1695 1373 1482 1656 1250 1198 1725 1521 1799 1476 1873 1371 1630 1263 1427 1988 1490 1522 1753 1777 1593 1329 1587 1479 1350 1992 1431 1778 1002 1455 1293 1552 1804 1755 1251 1559 1506 1161 1739 1478 1595 1312 1832 1086 1131 1263 1984 1207 1889 1344 1493 1985 1791 1092 1786 1619 1039 1406 1020 1704 1033 1576 1782 1806 1745 1811 BCNSPRNW ULIB Ver.6.0+V

เปลี่ยนเป็นภาษาไทย

Change to English
 แสดงรายละเอียดบรรณานุกรม
  กลับหน้าหลัก

Brief Record : Get Marc (ISO 2709) : E-mail record : QR code < ปิดหน้าต่าง
LEADER : 00000nas 2200000uu 4500
001    13399127502
003     ULIB
008    200716s2563||||th 000 0 tha d
110 1  ^aบริษัท เมดิ เจอร์นัล จำกัด
245 00 ^aฟาร์มาไทม์/^cบริษัท เมดิ เจอร์นัล จำกัด
260    ^aกรุงเทพฯ :^bบริษัท เมดิ เจอร์นัล จำกัด^c2563
310    ^aรายสองเดือน
850 ^a ULIB^bฉบับที่ 141 ปีที่ 17 ฉ.1 ;ฉบับที่ 142 ปีที่ 17 ฉ.1 ;ฉบับที่ 143 ปีที่ 17 ฉ.1 ;ฉบับที่ 150 ปีที่ 17 ฉ.1 ;ฉบับที่ 151 ปีที่ 17 ฉ.1
856    ^aULIB^bปีที่ 17 ฉบับที่ 141 ฉ.1
945    ^p0^l0^i905546
945    ^p0^l0^i905547
945    ^p0^l0^i905559
945    ^p0^l0^i905833
945    ^p0^l0^i905834
999    ^aประนอม เกษจรัล
รายการนี้ยังไม่มีแท็ก
คุณยังไม่ได้ล็อกอิน คุณสามารถมีกิจกรรมร่วมกับเว็บไซต์ได้ แต่ต้องล็อกอินก่อน ::
  ล็อกอิน

รายการสื่อสารสนเทศ (วารสาร)

ดูแบบ: กล่อง รายการ
ARRIVED
ฉบับที่ 141 ปีที่ 17 ฉ.1
สถานที่: ห้องสมุดวิทยาเขตสวรรค์ประชารักษ์ >วารสาร
ARRIVED
ฉบับที่ 142 ปีที่ 17 ฉ.1
สถานที่: ห้องสมุดวิทยาเขตสวรรค์ประชารักษ์ >วารสาร
ARRIVED
ฉบับที่ 143 ปีที่ 17 ฉ.1
สถานที่: ห้องสมุดวิทยาเขตสวรรค์ประชารักษ์ >วารสาร
ARRIVED
ฉบับที่ 150 ปีที่ 17 ฉ.1
สถานที่: ห้องสมุดวิทยาเขตสวรรค์ประชารักษ์ >วารสาร
ARRIVED
ฉบับที่ 151 ปีที่ 17 ฉ.1
สถานที่: ห้องสมุดวิทยาเขตสวรรค์ประชารักษ์ >วารสาร

BibComment


ยังไม่เคยถูกคอมเมนท์

คอมเมนท์ทรัพยากรรายการนี้
  คอมเมนท์: ฟาร์มาไทม์ บริษั..


 Copyright 2026. Bcnsprnw @Library